Directorio plus : importaciones Argentinas [
| Format: | Book |
|---|---|
| Published: |
Buenos Aires:
America Edita,
1998.
|
| Subjects: |
| LEADER | 00476cam a2200133 7i4500 | ||
|---|---|---|---|
| 001 | 0000008059 | ||
| 005 | 20000817090000.0 | ||
| 090 | 0 | 0 | |a CD-ROM 135 |b DIR |
| 245 | 0 | 0 | |a Directorio plus : |b importaciones Argentinas [ |m electronic resource]. |
| 260 | 0 | 0 | |a Buenos Aires: |b America Edita, |c 1998. |
| 300 | # | # | |a Electronic computer optical disc (CD-ROM). |
| 650 | 0 | 0 | |a Importers -- |x Directories -- |z Argentina |
| 651 | 0 | 0 | |a Argentina |
| 999 | |a B000011422 |b CD-ROM |c AV Collection |e Business Information Centre | ||